000 00639nam a2200181Ia 4500
008 100917s9999 xx 000 0 und d
082 _b43684
100 _aअभिराग
245 _aभारत सेवक गोपाळ कृष्ण गोखले
260 _bचित्रशाळा प्रकाशन
_c1966
300 _a83
365 _b2.5
520 _aचरित्र
630 _aभारत सेवक गोपाळ कृष्ण गोखले
650 _aचरित्र
730 _aभारत सेवक गोपाळ कृष्ण गोखले
942 _cBOOK
999 _c649078
_d649075